| 000 | 01150naa a22003257a 4500 | ||
|---|---|---|---|
| 001 | BR8105371 | ||
| 003 | BR-BrBNA | ||
| 005 | 20240918174841.0 | ||
| 007 | ta | ||
| 008 | 230509b bl.||||| |||| 00| 0 por d | ||
| 040 |
_aBR-BrBNA _bpor _cBiblioteca Nacional de Agricultura |
||
| 041 | _a(Pt) | ||
| 072 |
_aF00; F27 _b1940 _b1440 _bG514 |
||
| 090 | _aF00 BR8105371 | ||
| 100 | 1 | _aMaciel, G.A. | |
| 100 | 1 | _aLira, M. de A. | |
| 100 | 1 | _aTavares Filho, J.J. | |
| 245 | 1 | _aConsorciacao de milheto com feijao macassar em diferentes densidades de plantio [Pennisetum americanum, Vigna unguiculata, Pernambuco, Brasil] | |
| 260 | 3 |
_aRecife, PE (Brasil): _c1981. |
|
| 500 | _aAtuacao do IPA no ambito do POLONORDESTE Recife, PE (Brasil): 1981. v. 2 p. 326-328 (BR8105371-AM)F00 | ||
| 650 | _aMILHETO | ||
| 650 | _aFEIJAO DE CORDA | ||
| 650 | _aCONSORCIACAO DE CULTURA | ||
| 650 | _aDENSIDADE DE PLANTIO | ||
| 650 | _aPRODUTIVIDADE | ||
| 650 | _aPERNAMBUCO | ||
| 773 | 0 |
_tAtuacao do IPA no ambito do POLONORDESTE _wF00 BR8105371 _gRecife, PE (Brasil), 1981. v. 2 p. 326-328 |
|
| 909 |
_a202404 _bLucia _c55 _dLucia Elande |
||
| 942 |
_cAM _2AGRIS |
||
| 999 |
_c314001 _d314001 |
||